[Event "Hallstahammar op"]
[Site "Hallstahammar"]
[Date "2004.09.11"]
[Round "5"]
[White "Nordenfur, Tim"]
[Black "Johansson, Olle"]
[Result "1-0"]
[WhiteElo "1723"]
[BlackElo "1539"]
[PlyCount "75"]
[EventDate "2004.09.10"]
[EventType "swiss"]
[EventRounds "8"]
[EventCountry "SWE"]
[SourceTitle "EXT 2005"]
[Source "ChessBase"]
[SourceDate "2004.11.15"]
[SourceVersion "1"]
[SourceVersionDate "2004.11.15"]
[SourceQuality "1"]

1. e4 d5 2. exd5 Qxd5 3. Nc3 Qa5 4. Bc4 e5 5. d3 Nf6 6. Bd2 c6 7. h3 Be6 8. Bxe6 fxe6 9. Nf3 Nbd7 10. 0-0 Be7 11. Ng5 Nf8 12. Re1 h6 13. Nf3 Ng6 14. Qe2 Nd7 15. Ne4 Qc7 16. Bc3 Bf6 17. d4 Kf7 18. Nxf6 gxf6 19. dxe5 fxe5 20. Nxe5+ Ngxe5 21. Bxe5 Nxe5 22. Qxe5 Qxe5 23. Rxe5 Rad8 24. Re2 Rd5 25. Rae1 Re8 26. g3 Kf6 27. Re4 Rd2 28. R1e2 Rxe2 29. Rxe2 Kf5 30. Kg2 h5 31. f4 b5 32. Re5+ Kg6 33. Rg5+ Kh6 34. Rc5 Rc8 35. b4 Rc7 36. Kf3 Kg6 37. Re5 Re7 38. f5+ 1-0